Statistics for Number Pyramid Puzzle - Addition #5

Click here to take the quiz!

General Stats

  • This quiz has been taken 137 times
  • The average score is 14 of 15

Answer Stats

BrickAnswer% Correct
1A19
100%
1E13
99%
1B17
99%
1D32
99%
1C34
99%
2A36
97%
2B51
97%
2C66
96%
2D45
95%
3A87
94%
3B117
91%
3C111
88%
4A204
77%
4B228
74%
5432
62%

Score Distribution

Percentile by Number Answered

Percent of People with Each Score

Your Score History

You have not taken this quiz